000 01129nam a2200289Ia 4500
005 20220316235327.0
008 121119s1998 ck gr 000 0dspa
020 _a9583000841
041 0 _aspa
082 0 4 _a184
_bP41d
100 0 _aPlatón
_d428 a.C-347 a.C.
245 1 0 _aDiálogos
_cPlatón
250 _aQuinta edición
264 1 _aBogotá
_bPanamericana
_c1998
300 _a552 páginas
_c21 cm.
336 _atexto
_btxt
_2rdacontent
337 _asin mediación
_bn
_2rdamedia
338 _avolumen
_bnc
_2rdacarrier
490 0 _aFilosofía y política
504 _aIncluye datos biográficos del autor
505 0 _a1. Apología de Sócrates -- 2. Critón o del deber -- 3. Lysis o de la amistad -- 4. Carmides o de la templanza -- 5. Ion o de la poesía -- 6. Protágoras o de los sofistas -- 7. Gorgias o de la retórica -- 8. Teétetes o de la ciencia -- 9. Simposio o de la erótica -- 10. Fedón o del alma -- 11. Fedro.
650 1 4 _2LEMB
_aFilosofía antigua
650 1 4 _2LEMB
_aPlatonismo
650 1 4 _2LEMB
_aTeoría del conocimiento
942 _2ddc
_cBK
040 _aCO-BoRNBP
_bspa
_erda
_cCO-BoRNBP
999 _c615
_d615